LEADER 01351nam a2200301 i 4500 001 000000137658 003 CaOOAMICUS 005 20050419000000.0 008 050419s2004 it u000 u ita u 013 $a111516 020 $a88-8335-603-9 040 $aSeMil$bita 245 10$aForme di governo e sistemi elettorali. 260 $aMilano :$bGuerini e Associati,$c2004. 300 $a196 p. ;$c24 cm. 490 0 $aStudi e ricerche 500 $aContiene : Bibliografia. - In mezzo al front. : Studi per la Regione Lombardia. 650 4$aElezioni politiche - Legislazioni.$0(OLS)http://semarc/subject/27085 650 4$aElezioni politiche - Lombardia.$0(OLS)http://semarc/subject/27086 700 1 $aLombardia : Consiglio Regionale.$0(OLS)http://semarc/name/3711 700 1 $aIstituto regionale di ricerca della Lombardia.$0(OLS)http://semarc/name/3712 830 0$aStudi e ricerche.$0(OLS)http://semarc/title/6597 850 $aSeMil 852 $aSeMil$W1$xVenegono$y1$m3L IV 240$j91192$B91192$CSeMilBibl$Z2$F96403 $81 961 $aOmaggio: Lombardia : Giunta regionale 996 $6020$a88-8335-603-9$9(OLS)http://semarc/number/125451 996 $6245$aForme di governo e sistemi elettorali$9(OLS)http://semarc/title/201163 996 $6260$aMilano :$bGuerini e Associati$9(OLS)http://semarc/publisher/31885 LEADER 01171nam a2200289 i 4500 001 000000086323 003 CaOOAMICUS 005 20190225155139.0 008 180830s1980 xx u000 u und u 013 $a58563 020 $a88-06-06999-3 040 $aSeMil$bita 100 1 $aMachiavelli, Niccolò ,$d<1469-1527>.$0(OLS)http://semarc/name/1234 245 10$aMandragola /$cNiccolò Machiavelli ; a cura di Guido Davico Bonino. 260 $aTorino :$bEinaudi,$c1980. 300 $aXXVII, 81 p. ;$c18 cm 490 1 $aCollezione di teatro ;$v33 650 4$aRinascimento.$0(OLS)http://semarc/subject/1225 650 4$aTeatro.$0(OLS)http://semarc/subject/7132 700 1 $aDavico Bonino, Guido,$d<1938- >.$0(OLS)http://semarc/name/7640 830 0$aCollezione di teatro ;$v33.$0(OLS)http://semarc/title/6906 850 $aSeMil 852 $aSeMil$W1$xVenegono$y1$m1A VI 115$j213258$B50043$CSeMilBibl$Z2$F53922 $81 996 $6020$a88-06-06999-3$9(OLS)http://semarc/number/66575 996 $6245$aMandragola$9(OLS)http://semarc/title/132673 996 $6260$aTorino :$bEinaudi$9(OLS)http://semarc/publisher/29884